000 00524nam a2200169Ia 4500
008 090201s9999 xx 000 0 und d
010 _aKPL-70953
040 _bमराठी
041 _aमराठी
082 _a49731
_b70953
100 _aआशा कर्दळे
245 _aकृष्णपक्ष
_cआशा कर्दळे
260 _c2006
_bपारस पब्लिकेशन्स्
300 _a208
_bमध्यम
600 _aकृष्णपक्ष
942 _cBOOK
999 _c246287
_d246287